000
00336 a2200157 4500
001
48194
020
_a
9788566033433
040
_c
Anchieta - Aquarius
100
_a
Araujo, Fabio
240
1
0
_a
O cão pidão
_l
por
245
1
0
_a
O cão pidão
300
_a
27
362
0
_a
2018
650
4
_a
Literatura infanto-juvenil
942
_c
BK
999
_c
48194
_d
48194